Speech style and social evaluation (Record no. 560092)

MARC details
000 -LEADER
fixed length control field 00793nam a2200277Ia 4500
003 - CONTROL NUMBER IDENTIFIER
control field OSt
005 - DATE AND TIME OF LATEST TRANSACTION
control field 20220925212329.0
008 - FIXED-LENGTH DATA ELEMENTS--GENERAL INFORMATION
fixed length control field 220923b |||||||| |||| 00| 0 eng d
020 ## - INTERNATIONAL STANDARD BOOK NUMBER
International Standard Book Number 0 12 283750 9
037 ## - SOURCE OF ACQUISITION
Terms of availability General Book
040 ## - CATALOGING SOURCE
Original cataloging agency RTL
Transcribing agency RTL
Language of cataloging eng
041 ## - LANGUAGE CODE
Source of code eng
Language code of text/sound track or separate title eng
100 ## - MAIN ENTRY--PERSONAL NAME
Personal name Giles Howard
9 (RLIN) 69939
245 #0 - TITLE STATEMENT
Title Speech style and social evaluation
260 ## - PUBLICATION, DISTRIBUTION, ETC.
Place of publication, distribution, etc. London
Name of publisher, distributor, etc. Academic Press UK
Date of publication, distribution, etc. 1975
300 ## - PHYSICAL DESCRIPTION
Extent viii, 218p.
Dimensions cm.
490 ## - SERIES STATEMENT
Series statement European Monographs in Social Psychology. 7
500 ## - GENERAL NOTE
General note Bib p 182-206
650 ## - SUBJECT ADDED ENTRY--TOPICAL TERM
Topical term or geographic name entry element Psychology
700 ## - ADDED ENTRY--PERSONAL NAME
Personal name Powesland Peter F
942 ## - ADDED ENTRY ELEMENTS (KOHA)
Classification part S8:680j7, L5
Koha item type General Books
Source of classification or shelving scheme Colon Classification (CC)
Holdings
Withdrawn status Lost status Damaged status Not for loan Home library Current library Date acquired Total Checkouts Full call number Barcode Date last seen Price effective from Koha item type
        Ratan Tata Library Ratan Tata Library 2022-09-25   S8:680j7 L5 RT0576160 2022-09-25 2022-09-25 General Books
Copyright @ Delhi University Library System